Every Stepford Connect depots/sidings - Statistics

General Stats
  • This quiz has been taken 21 times
  • The average score is 12 of 23
Answer Stats
Picture Answer % Correct
Coxly Siding
83%
Coxly Siding
83%
Stepford Depot
67%
Willowfield Depot
67%
Willowfield Depot
67%
Farleigh Depot
58%
Farleigh Depot
58%
Northshore Depot
58%
Beechley Sidings
50%
Benton Depot
50%
Berrily Depot
50%
Coxly Depot
50%
Hampton Hargate Siding
50%
Leighton Depot
50%
Edgemead Siding
42%
Whitefield Siding
42%
Faymere Green TMD
33%
Faymere Green TMD
33%
Whitefield Lido Siding
33%
Winstree Depot
33%
Woodhead Lane TMD
33%
Woodhead Lane TMD
33%
Bodin Depot
25%
No matching quizzes found
Score Distribution
Percent of People with Each Score
Percentile by Number Answered
Your Score History
You have not taken this quiz